000 01102 a2200229 4500
001 2285
005 20260407155423.0
008 260407a2006 arg spa d
003 AR-UNSa-BCEJYS
040 _aAR-UNSa-BCEJYS
_bspa
_cAR-UNSa-BCEJYS
080 _a347.91
_xProcedimientos civiles particulares (Derecho Procesal Civil)
245 1 0 _aProcesos colectivos
020 _a978-950-727-757-3
264 1 _aBuenos Aires :
_bRubinzal-Culzoni Editores
_c2006
300 _a507 p.
_c22 cm.
505 _a1. Las manifestaciones de los derechos protegidos.Diferencias conceptuales y efectos de la tutela jurisdiccional sobre los derechos difusos,colectivos y homogéneos - 2. Legitimación y representación adecuada - 3. Pautas procesales que garanticen la efectividad del proceso colectivo - 4. Litispendencia y cosa juzgada.
942 _cBK
590 _aniveau_biblio:m niveau_hierar:0
100 1 _aOteiza, Eduardo
700 1 _aAsociación Argentina de Derecho Procesal
856 4 1 _uhttps://biblioeco.unsa.edu.ar/pmb/images/libros/Procesos colectivos2-l118258.jpg
_yImagen de portada
_qimage/jpeg
999 _c260
_d260